Rois du Gondor. - Statistiques

Statistiques générales
  • Ce quiz a été pris 151 fois
  • Le résultat moyen est 4 sur 37
Statistiques - réponses
Règne Roi % Correct
3019 T.A. - 120 Q.A. Aragorn II
99%
3320 S.A. - 2 T.A. Isildur
77%
3320 - 3441 S.A. Elendil
45%
3320 - 3441 S.A. Anarion
19%
120 - 220 Q.A. Eldarion
12%
1945 - 2043 T.A. Eärnil II
10%
913 - 936 T.A. Eärnil Ier
10%
2043 - 2050 T.A. Eärnur
10%
2 - 158 T.A. Meneldil
10%
238 - 324 T.A. Eärendil
7%
492 - 541 T.A. Rómendacil Ier
7%
324 - 411 T.A. Anardil
6%
158 - 238 T.A. Cemendur
6%
411 - 492 T.A. Ostoher
6%
1304 - 1366 T.A. Rómendacil II
6%
1149 - 1226 T.A. Atanatar II
5%
667 - 748 T.A. Atanatar Ier
5%
1437 - 1447 T.A. Castamir
5%
1540 - 1621 T.A. Hyarmendacil II
5%
1015 - 1149 T.A. Hyarmendacil Ier
5%
1850 - 1856 T.A. Narmacil II
5%
1226 - 1294 T.A. Narmacil Ier
5%
1936 - 1944 T.A. Ondoher
5%
541 - 667 T.A. Turambar
5%
1798 - 1850 T.A. Umbardacil
5%
1856 - 1936 T.A. Calimehtar
4%
748 - 830 T.A. Siriondil
4%
1636 - 1798 T.A. Tarondor
4%
1634 - 1636 T.A. Telemnar
4%
936 - 1015 T.A. Ciryandil
3%
1432 - 1437 T.A. Eldacar
3%
1447 - 1490 T.A. Eldacar
3%
830 - 913 T.A. Falastur
3%
1366 - 1432 T.A. Valacar
3%
1490 - 1540 T.A. Aldamir
2%
1294 - 1304 T.A. Calmacil
2%
1621 - 1634 T.A. Minardil
2%
Aucun quiz correspondant
Distribution des résultats
% des personnes avec chaque résultat
Percentile par nombre de réponses
Votre historique - résultats
Vous n’avez pas pris ce quiz